Top 10 du Ballon d'Or (2010-2019) - Statistiques

Statistiques générales
  • Ce quiz a été pris 980 fois
  • Le résultat moyen est 87 sur 100
Statistiques - réponses
Hint Réponse % Correct
| 2000 | 2001 | +3 others Lionel Messi
100%
Cristiano Ronaldo
99%
Andrés Iniesta
96%
Neymar Jr
96%
Kylian Mbappé
95%
Luka Modrić
95%
Antoine Griezmann
94%
Luis Suárez
94%
Mohamed Salah
94%
Xavi
94%
Robert Lewandowski
93%
Sadio Mané
92%
Gareth Bale
91%
Didier Drogba
90%
Zlatan Ibrahimović
90%
Riyad Mahrez
89%
Virgil van Dijk
89%
Kevin De Bruyne
87%
Eden Hazard
86%
Harry Kane
86%
Manuel Neuer
86%
Franck Ribéry
85%
Arjen Robben
83%
James Rodríguez
83%
Samuel Eto'o
82%
Thomas Müller
82%
Raphaël Varane
80%
Diego Forlán
77%
Gianluigi Buffon
77%
Sergio Ramos
77%
N'Golo Kanté
74%
Alexis Sánchez
72%
Bernardo Silva
72%
David Villa
72%
Iker Casillas
72%
Robin van Persie
70%
Wayne Rooney
69%
Ángel Di María
68%
Wesley Sneijder
68%
Radamel Falcao
67%
Toni Kroos
67%
Philipp Lahm
66%
Pepe
61%
Andrea Pirlo
58%
Alisson
49%
Jamie Vardy
45%
Xabi Alonso
45%
Aucun quiz correspondant
Distribution des résultats
% des personnes avec chaque résultat
Percentile par nombre de réponses
Votre historique - résultats
Vous n’avez pas pris ce quiz